000 00581nam a2200193 4500
001 107704
003 ES-MaACL
005 20230906184455.0
007 t|
008 061121s1976 sp r ||||1| spa d
100 1 _aMoss, Louis.
_983792
245 1 0 _aAcupuntura
_b: el secreto de la medicina china /
_cLouis Moss; traducción J. Perdigó, P. Corripio.
250 _a2ª. ed.
260 _aBarcelona :
_bBruguera,
_c1976.
300 _a329 p., 7 lám ;
_c18 cm.
700 0 _aPerdigó, Jaime.
_990419
700 1 _aCorripio, P.
_940788
852 _aES-MaACL
_jA-6227
_bR.95342
999 _c107704
_d107704